Online
Catalog

Béisbol técnico-táctico / (Record no. 19059)

MARC details
000 -CABECERA
campo de control de longitud fija 00857nam a2200241 a 4500
001 - NÚMERO DE CONTROL
campo de control 000019543
005 - FECHA Y HORA DE LA ÚLTIMA TRANSACCIÓN
campo de control 20200929170043.0
008 - DATOS DE LONGITUD FIJA--INFORMACIÓN GENERAL
campo de control de longitud fija 100630s2007 cu a 000 0 spa d
020 ## - NÚMERO INTERNACIONAL ESTÁNDAR DEL LIBRO
Número Internacional Estándar del Libro 9789590504518
040 ## - FUENTE DE LA CATALOGACIÓN
Centro catalogador/agencia de origen DO-SdBNP
Lengua de catalogación spa
Centro/agencia transcriptor BNPHU
082 ## - NÚMERO DE LA CLASIFICACIÓN DECIMAL DEWEY
Número de clasificación 796.357
Número de documento/Ítem H564b, 2007
049 ## - FONDOS LOCALES (OCLC)
Fondos de biblioteca BNPD
100 1# - ENTRADA PRINCIPAL--NOMBRE DE PERSONA
Nombre de persona Herrán, Juan Ealo de la,
Fechas asociadas al nombre 1912-1997
9 (RLIN) 41950
245 10 - MENCIÓN DE TÍTULO
Título Béisbol técnico-táctico /
Mención de responsabilidad, etc. Juan Ealo de la Herrán ; edición María Luisa Acosta Hernández ; prólogo Raudol Ruiz Aguilera.
250 ## - MENCIÓN DE EDICIÓN
Mención de edición 2a ed.
260 ## - PUBLICACIÓN, DISTRIBUCIÓN, ETC.
Lugar de publicación, distribución, etc. La Habana :
Nombre del editor, distribuidor, etc. Científico-Técnica,
Fecha de publicación, distribución, etc. 2007.
300 ## - DESCRIPCIÓN FÍSICA
Extensión xiii, 325 p. :
Otras características físicas il. ;
Dimensiones 21 cm.
650 #4 - PUNTO DE ACCESO ADICIONAL DE MATERIA--TÉRMINO DE MATERIA
Término de materia o nombre geográfico como elemento de entrada Beisbol
Subdivisión general Historia
9 (RLIN) 41951
650 #4 - PUNTO DE ACCESO ADICIONAL DE MATERIA--TÉRMINO DE MATERIA
Término de materia o nombre geográfico como elemento de entrada Beisbol
Subdivisión general Enseñanza
9 (RLIN) 41952
650 #4 - PUNTO DE ACCESO ADICIONAL DE MATERIA--TÉRMINO DE MATERIA
Término de materia o nombre geográfico como elemento de entrada Beisbol
Subdivisión general Técnicas
9 (RLIN) 41953
700 1# - PUNTO DE ACCESO ADICIONAL--NOMBRE DE PERSONA
Nombre de persona Acosta Hernández, María Luisa,
Término indicativo de función/relación ed.
9 (RLIN) 38149
700 1# - PUNTO DE ACCESO ADICIONAL--NOMBRE DE PERSONA
Nombre de persona Ruiz Aguilera, Raudol,
Término indicativo de función/relación pról.
9 (RLIN) 41954
Holdings
Estado de retiro Estado de pérdida Restricciones de uso No para préstamo Código de colección Localización permanente Ubicación/localización actual Ubicación en estantería Fecha de adquisición Número de inventario Total de préstamos Signatura topográfica completa Código de barras Fecha visto por última vez Precio válido a partir de Tipo de ítem Koha
      Excluido de préstamo Monografías: Libros y Folletos General General Depósito 30.06.2010 LF1   796.357 H564b, 2007 19543-10 25.06.2020 25.06.2020 No se presta

Powered by Koha